| 000 | 00781nam a22002415a 4500 | ||
|---|---|---|---|
| 008 | 170122s2016 nyua||||rb||| 001 0 eng d | ||
| 020 | _a1681174294 | ||
| 020 | _a9781681174297 | ||
| 040 |
_aEG-ScBUE _beng _cEG-ScBUE |
||
| 082 | 0 | 4 |
_222 _a665.53 _bPET |
| 245 |
_aPetroleum and gas field processing / _cEditor, Manoj Karkare. |
||
| 260 |
_aValley Cottage, New York : _bSCITUS Academics LLC, _c2016. |
||
| 300 |
_a223 p. : _bill. ; _c19 cm. |
||
| 500 | _aIndex : p. 221-223. | ||
| 504 | _aIncludes bibliographical references. | ||
| 590 | _aWessam | ||
| 650 | 7 |
_2BUEsh _92670 _a Natural gas. |
|
| 650 | 7 |
_931758 _aPetroleum _xRefining. |
|
| 651 | _2BUEsh | ||
| 653 |
_bENGPET _cJanuary2017 |
||
| 700 | 1 |
_941752 _aKarkare, Manasi Manojā. _eediotr. |
|
| 942 |
_2ddc _e22 _k665.53 PET |
||
| 999 |
_c23987 _d23959 |
||